000 00740nam a2200253Ia 4500
003 OSt
005 20220928115244.0
006 a|||||r|||| 00| 0
007 ta
008 220927b |||||||| |||| 00| 0 eng d
024 _a130276
037 _bGift, 31/05/2016,
_cTextual
040 _aSDCL
_cSDCL
_beng
041 _2eng
_aeng
082 _aB28931, P5
100 _aChen Guang-ya
_9443533
245 0 _aVector optimization
_b Set-valued and variational analysis
260 _aBerlin
_bSpringer
_c2005
300 _ax;306p.
_ccm.
650 _aGift
_9391569
700 _a Huang Xuexiang
_9443534
942 _hB28931, P5
_cTEXL
_2CC
999 _c758673
_d758673